Landen met een letter - S - Statistieken

Algemene statistieken
  • Deze quiz is 194 keer genomen
  • De gemiddelde score is 59 van 70
Antwoordstatistieken
Categorie Land % Correct
1 x S Slovenië
98%
1 x S Slowakije
98%
1 x S Verenigde Staten
98%
1 x S Australië
95%
1 x S Estland
95%
1 x S Somalië
95%
1 x S Saint Lucia
93%
1 x S Saoedi-Arabië
93%
1 x S Singapore
93%
1 x S Soedan
93%
1 x S Spanje
93%
1 x S Suriname
93%
1 x S Zuid-Soedan
93%
1 x S IJsland
90%
1 x S Indonesië
90%
1 x S Rusland
90%
2 x S Saint Vincent en de Grenadines
90%
1 x S Sri Lanka
90%
1 x S Belarus
88%
1 x S Dominicaanse Republiek
88%
1 x S Israël
88%
1 x S Oezbekistan
88%
1 x S Samoa
88%
1 x S Servië
88%
1 x S Sierra Leone
88%
1 x S Verenigde Arabische Emiraten
88%
1 x S Zwitserland
88%
1 x S Afghanistan
86%
1 x S Kazachstan
86%
1 x S Kosovo
86%
1 x S Laos
86%
1 x S Oostenrijk
86%
3 x S Saint Kitts en Nevis
86%
1 x S San Marino
86%
1 x S Sao Tomé en Principe
86%
1 x S Senegal
86%
1 x S Seychellen
86%
1 x S Tadzjikistan
86%
1 x S Turkmenistan
86%
1 x S Bosnië en Herzegovina
83%
1 x S Centraal-Afrikaanse Republiek
83%
1 x S Democratische Republiek Congo
83%
1 x S Duitsland
83%
1 x S Eswatini
83%
1 x S Pakistan
83%
1 x S Syrië
83%
1 x S Tunesië
83%
1 x S Bahama's
81%
1 x S Barbados
81%
1 x S Botswana
81%
1 x S El Salvador
81%
2 x S Salomonseilanden
81%
1 x S Tsjechië
81%
1 x S Madagaskar
79%
1 x S Marshalleilanden
79%
1 x S Tsjaad
79%
1 x S Bangladesh
76%
1 x S Cyprus
76%
2 x S Guinee-Bissau
76%
1 x S Burkina Faso
74%
1 x S Costa Rica
74%
1 x S Maleisië
74%
1 x S Vaticaanstad
74%
1 x S Lesotho
71%
1 x S Mauritius
71%
1 x S Micronesia
71%
1 x S Honduras
69%
1 x S Liechtenstein
69%
1 x S Ivoorkust
67%
1 x S Oost-Timor
64%
Geen overeenkomende quizzen gevonden
Scoreverdeling
Procent van Mensen met Elke Score
Percentiel versus Aantal Correcte Antwoorden
Uw Scoregeschiedenis
U heeft deze quiz nog niet genomen